000 01311cgm a2200289 4500
001 M94632
008 090401t1996 xxu||||| |||| 00| 0 eng d
020 _a1899769315
035 _a(Sirsi) u89255
041 0 _aeng
050 0 4 _a693.82 $2 18
100 1 _aSammons, T. M.
245 0 0 _aFire safety legislation
_ca CPD study pack[sound recording]
250 _a2nd ed.
260 _aReading
_bCollege of Estate Management
_c1996
300 _av, 53p.
_c30cm.+
_e1 audio cassette (ca. 60 min.)
350 _a42.5
490 0 _aCollege of Estate Management CPD Study Pack
520 _aSummarises and comments on the 1992 changes to the fire safety provisions of the Building Regulations and Approved Documents. Covers the principles of how these are affected by other legislation and procedural and guidance documents.
520 _aAccompanied by the Owlion Audio Programme "Fire safety legislation: an overview" (E1370) which is also available to borrow separately.
650 2 4 _aBUILDING REGULATIONS 1991 APPROVED DOCUMENT B (1992 EDITION)
651 4 _aEngland and Wales
_y1543-
690 _aBUILT ENVIRONMENT-BUILDING STANDARDS
710 2 _aCollege of Estate Management
_9400
856 4 8 _uhttps://www.rics.org/library
_zAudio Visual materials can only be used in the library.
942 _n0
999 _c85377
_d85377